Normal view MARC view
  • Joint Committee on the Palace of Westminster

Entry Corporate Name

Number of records used in: 1

001 - CONTROL NUMBER

  • control field: 6193

003 - CONTROL NUMBER IDENTIFIER

  • control field: OSt

005 - DATE AND TIME OF LATEST TRANSACTION

  • control field: 20190806150250.0

008 - FIXED-LENGTH DATA ELEMENTS

  • fixed length control field: 180220n| acannaabn |n ana d

040 ## - CATALOGING SOURCE

  • Original cataloging agency: OSt
  • Transcribing agency: OSt

110 2# - HEADING--CORPORATE NAME

  • Corporate name or jurisdiction name as entry element: Joint Committee on the Palace of Westminster

670 ## - SOURCE DATA FOUND

  • Source citation: Restoration and renewal of the Palace of Westminster, 2016